[Event "Olympiad-32"]
[Site "Yerevan"]
[Date "1996.09.18"]
[Round "3.3"]
[White "Sturua, Zurab"]
[Black "Kutirov, Rolando"]
[Result "1-0"]
[WhiteElo "2560"]
[BlackElo "2525"]
[Annotator "Makarichev,S"]
[PlyCount "53"]
[EventDate "1996.09.15"]
[EventType "team-swiss"]
[EventRounds "14"]
[EventCountry "ARM"]
[SourceTitle "CBM 055"]
[Source "ChessBase"]
[SourceDate "1996.12.01"]
[SourceVersion "1"]
[SourceVersionDate "1996.12.01"]
[SourceQuality "1"]
[WhiteTeam "Georgia"]
[BlackTeam "Macedonia"]
[WhiteTeamCountry "GEO"]
[BlackTeamCountry "MKD"]

1. e4 c6 2. d4 d5 3. exd5 cxd5 4. c4 Nf6 5. Nc3 e6 6. Nf3 Be7 7. cxd5 Nxd5 8.
Bd3 Nc6 9. O-O O-O 10. Re1 Nf6 11. a3 b6 12. Bc2 Ba6 $5 (12... Bb7 13. Qd3 $40
g6 $8 (13... Rc8 $4 14. d5 $18)) 13. Bg5 $5 Rc8 14. Qd2 Bc4 (14... Nd5 $5 15.
Nxd5 $1 (15. Ne4 Bxg5 16. Nfxg5 g6 $132) 15... Qxd5 (15... exd5 $14) 16. Be4
Qd8 17. Qf4 $1 Bxg5 (17... h6 18. Bxh6 $1) (17... Nxd4 $4 18. Bxh7+ $1 Kxh7 19.
Qh4+ $18) 18. Nxg5 (18. Bxh7+ Kxh7 19. Nxg5+ Kg8 20. Qh4 Bd3 $1 21. Re3 Qxd4
$10) 18... h6 19. Bh7+ Kh8 20. Nxf7+ Rxf7 21. Qxf7 Kxh7 22. Rxe6 $40 Nxd4 (
22... Qxd4 $2 23. Qg6+ Kh8 24. Rxc6 $18) 23. Re7 $16) 15. Qf4 Bd5 16. Qh4 g6 $8
(16... h6 $2 17. Bxh6 gxh6 18. Qxh6 Bxf3 19. gxf3 Nxd4 20. Kh1 $1 $18) 17. Nxd5
Nxd5 (17... exd5 $4 18. Rxe7) 18. Rad1 Qd6 (18... Nxd4 $2 19. Rxd4 Rxc2 20.
Rxd5 $16) 19. Bb3 $1 $40 f6 $2 (19... Rfe8 $5 20. Bxe7 Rxe7 21. Ng5 h5 $13) 20.
Qg4 $1 (20. Bh6 Rfe8 $13) 20... Kf7 $8 (20... fxg5 $2 21. Rxe6 Qd8 (21... Qd7
$2 22. Rxg6+) 22. Qe4 Rf5 23. Ne5 $18) 21. Bh6 Rfe8 22. Rxe6 $1 Qxe6 23. Re1 $3
$18 Qd6 (23... Qxg4 24. Bxd5+ Qe6 25. Bxe6#) 24. Bf4 Qd8 25. Qe6+ Kg7 26. Bxd5
{xc6} g5 (26... Bf8 27. Qg8#) (26... Na5 27. Qf7+ Kh8 28. Ng5 $1 fxg5 29. Be5+)
27. Qf7+ (27. Qf7+ Kh8 28. Be4 $1) 1-0

[Event "ROM-chT"]
[Site "Predeal"]
[Date "2007.10.19"]
[Round "7"]
[White "Marin, Mihail"]
[Black "Sergeev, Vladimir"]
[Result "1/2-1/2"]
[WhiteElo "2551"]
[BlackElo "2507"]
[Annotator "Marin,M"]
[PlyCount "60"]
[EventDate "2007.10.13"]
[EventType "team"]
[EventRounds "9"]
[EventCountry "ROU"]
[SourceTitle "CBM 121"]
[Source "ChessBase"]
[SourceDate "2007.11.14"]
[SourceVersion "1"]
[SourceVersionDate "2007.11.14"]
[SourceQuality "1"]
[TimeControl "5400"]
[WhiteClock "0:00:06"]
[BlackClock "0:00:16"]

1. c4 c6 2. e4 d5 3. exd5 cxd5 4. d4 Nf6 5. Nc3 e6 6. Nf3 Bb4 7. Bd3 dxc4 8.
Bxc4 O-O 9. O-O Nc6 {In my opinion, a risky setup.} ({More common (and solid)
are} 9... b6) ({and} 9... Nbd7) 10. Bg5 Be7 11. a3 b6 12. Qd3 Bb7 13. Rad1 Rc8
14. Rfe1 {White has completed his development and his position looks very
threatening.} Re8 {An useful half-waiting move.} ({The standard simplifying
move} 14... Nd5 {is not sufficient for equality.} 15. Bxd5 $1 (15. Bxe7 {
would allow Black consolidate with} Ncxe7 $1) 15... Bxg5 (15... exd5 {is
somewhat safer, but leaves Black in a passive position after, say,} 16. Qf5 $14
{Pinter,J (2540)-Olafsson,H (2515)/Copenhagen 1985/MCD (1/2-1/2, 34)}) 16. Be4
{The white bishop has been activated in a radical way, keeping two important
diagonals under observation and winning an important tempo for the development
of the initiative. At the same time, the g5-bishop is somewhat hanging. Now,
there are three different ways to defend against the threat Bxh7+.} f5 {
This is the only move that avoids a loss of time, but the weakness of the e6-
and e5-squares is a high price to pay.} (16... h6 {weakens the light squares
and fails to restrict the enemy bishop.} 17. d5 exd5 18. Bxd5 (18. Nxd5 {
[%csl Rc8][%cal Ge4f5] looks strong, too.}) 18... Bf4 19. Qf5 Qf6 {A radical
way to reduce White's pressure, which will leave the kingside chronically weak,
however.} 20. Qxf6 gxf6 21. g3 Bb8 22. Nh4 Be5 23. Nf5 $16 {Lerner,K (2523)
-Kaplan,S (2346)/Givataim 2005/CBM 105 ext (1/2-1/2, 56)}) (16... g6 {With the
bishop misplaced on g5, the weaknesses created by this move are not easy to
defend.} 17. d5 $1 (17. Qb5 Bh6 18. d5 exd5 19. Nxd5 Bg7 $13 {Sprenger,J (2426)
-Shishkin,V (2396)/Barlinek 2002/CBM 089 ext (1/2-1/2, 46)}) 17... exd5 18.
Nxd5 Bf6 (18... Re8 19. Nxg5 Qxg5 20. f4 $36) 19. Bf5 $1 $16 {[%csl Gc8]} gxf5
$140 $2 20. Qxf5 Kg7 21. Nf4 {[%cal Gf4h5]} Nd4 22. Nxd4 Bxd4 23. Rxd4 Qxd4 24.
Qg4+ Kh8 25. Ng6+ $1 $18) 17. Nxg5 Qxg5 18. Bf3 Rfd8 19. d5 exd5 20. Bxd5+ Kh8
21. Qf3 $14 {Conquest,S (2530)-Kononenko,T (2375)/Granada ESP 2006/TWIC 632 
(1-0, 45). White is more active and Black's kingside is weak.}) 15. Bb3 $5 $146
{The theoretical reason for preferring this move to 15.Ba2 is that the bishop
has more squares available, although on a2 it looks less vulnerable. Sometimes,
the intermediate Ba4 would change quite a lot in the dynamic balance of the
position.} (15. h4 $5 {Ribli,Z (2570)-Wells,P (2530)/Szeged 1997/CBM 062/
[Hansen,LB] (1-0, 24)}) (15. Ba2 {1/2-1/2 Stefanelli,L-San Marco,B/Cappelle op
1991/EXT 97 (25). This game is mentioned in the comments to Ribli-Wells, too.})
15... g6 $5 {Another prophylactic move.} ({The concrete idea behind my last
move is revealed after} 15... Na5 16. Ba4 $1 Bc6 17. Bc2 g6 18. Ne5 $14 {
[%csl Rc6]}) (15... Nd5 {is insufficient here, too, although Black has
practically an extra tempo (...Re8).} 16. Bxd5 Bxg5 17. Be4 g6 18. d5 $14) (
15... h6 {is not to be recommended, because it weakens the kingside.} 16. Bh4
$5 $14 ({The standard answer is} 16. Bf4 $14 {[%csl Rh6] ><h6}) {White's
superior development makes the generally desirable} 16... Nh5 $6 {impossible
because of} 17. d5 $1 $16 Bxh4 (17... exd5 18. Bxd5 Bxh4 19. Bxf7+ $1 Kxf7 20.
Qc4+ $16) 18. dxe6 $1 fxe6 19. Qf5 $1 $16) 16. h4 $6 {Too slow.} ({I could not
find anything after} 16. Ba4 a6) ({White could have maintained his advantage
by means of a short queen's move} 16. Qe3 $1 $14 {, switching to kingside
pressure. Black is not well enough coordinated to find an entirely adequate
defence.} Na5 ({Maybe} 16... Nd5 17. Bxd5 exd5 18. Qf4 $14 {is safer, but not
really appealing for Black.}) 17. Bxe6 $1 fxe6 (17... Bd6 18. Bxf6 Qxf6 19.
Bxc8 Rxe3 20. Rxe3 Bxc8 21. Re8+ Kg7 22. Rxc8 $16) (17... Bf8 18. Qf4 $18) 18.
Qxe6+ Kg7 19. Ne5 $40 Rf8 20. Nd7 $1) 16... Na5 17. Ba4 Bc6 18. Bxc6 (18. Bc2
$6 Nc4 $1 $15) 18... Nxc6 19. d5 {After this move, the position will simplify
quickly and White's advantage will be more of symbolic nature.} ({I spent a
long time investigating the consequences of} 19. Ne5 Nd5 (19... Nxe5 20. dxe5
$14 {[%csl Rf6]}) 20. Qf3 {My conclusion that White has absolutely nothing
seems to be correct.} f6 $5 (20... Nxe5 21. dxe5 Bxg5 22. Nxd5 exd5 (22... Bxh4
23. Nf6+ Bxf6 24. Rxd8 Bxd8 $14) 23. Rxd5 Qe7 24. hxg5 Qxg5 25. e6 Qe7 26.
Qxf7+ Qxf7 27. exf7+ Kxf7 28. Rd7+ Kg8 29. Red1 $5 $14 {[%csl Rg8][%cal Ya7h7,
Yh7a7] עg8} (29. Rxe8+ Rxe8 30. Rxa7 Re1+ 31. Kh2 Re2 $11)) 21. Nxg6 $5 (21.
Nxd5 Qxd5 22. Qxd5 exd5 23. Nxc6 Rxc6 {><f6}) 21... hxg6 22. Rxe6 Nxc3 23. bxc3
Qd7 24. Qd3 Qxe6 $11 (24... Kg7 25. Rde1 $44)) 19... Nxd5 20. Nxd5 exd5 (20...
Qxd5 21. Qa6 Qf5 22. Qb7 $44 {Sergeev}) 21. Qxd5 Qxd5 (21... Bxg5 22. Rxe8+
Qxe8 23. Qxg5 $14) 22. Rxd5 Bxg5 23. Rxe8+ Rxe8 24. hxg5 Kg7 (24... Kf8 $5) 25.
Kf1 Re7 26. b4 {פc6} Rc7 27. Rd6 h6 $1 $11 (27... Ne7 28. Ne5 Nf5 29. Rc6 Re7
30. Ng4 (30. f4 Ng3+ 31. Kf2 Ne4+ 32. Ke3 Nxg5) 30... Nd4 31. Rc8 Ne6 32. f4
Rc7 $1 $11 (32... Nxf4 $4 33. Nf6 $18) (32... Rd7 33. Nf6 Rd8 34. Rxd8 Nxd8 35.
Ke2 $14) 33. Rxc7 Nxc7 34. Ke2 $2 Nb5 $1) 28. gxh6+ Kxh6 29. g4 Kg7 30. Ke2 Kf8
1/2-1/2

[Event "Linares 13th"]
[Site "Linares"]
[Date "1995.03.13"]
[Round "10"]
[White "Topalov, Veselin"]
[Black "Karpov, Anatoly"]
[Result "0-1"]
[WhiteElo "2630"]
[BlackElo "2780"]
[Annotator "Marin,M"]
[PlyCount "108"]
[EventDate "1995.03.01"]
[EventType "tourn"]
[EventRounds "13"]
[EventCountry "ESP"]
[EventCategory "17"]
[SourceTitle "CBM 046"]
[Source "ChessBase"]
[SourceDate "1995.06.01"]
[SourceVersion "1"]
[SourceVersionDate "1995.06.01"]
[SourceQuality "1"]

1. e4 {Ftacnik} c6 2. d4 d5 3. exd5 cxd5 4. c4 Nf6 5. Nc3 e6 6. Nf3 Be7 7. cxd5
Nxd5 8. Bd3 Nc6 9. O-O O-O 10. Re1 Bf6 11. Be4 Nce7 12. Qd3 h6 13. Ne5 Nxc3 14.
Qxc3 (14. bxc3 {Ftacnik} Bxe5 15. dxe5 Qxd3 16. Bxd3 Bd7 $15) 14... Nf5 15. Be3
a5 $5 (15... Nxe3 16. Qxe3 (16. fxe3 {Ftacnik} Rb8 17. Rad1 Bd7 18. Bb1 Be8 19.
Ng4 Bg5 20. e4 h5 21. Nf2 Rc8 22. Qh3 g6 23. d5 e5 24. Qb3 {Chiburdanidze,
M-Ioseliani,N (5)/Telavi-WchW/1988/0.5 (60)}) 16... Qb6 (16... Qb6 17. Rad1 Rd8
18. b3 (18. Rd2 Bd7 {Hoi,C-Hansen,LB/Vejstrup/1989/0.5 (18)}) 18... Bd7 19. Qf3
Bb5 {Sher,M-Hansen,LB/Vejle/1994/0.5 (20)})) 16. Rac1 a4 17. Red1 Nxe3 18. Qxe3
(18. fxe3 {Ftacnik} Bxe5 19. dxe5 Qg5 $132) 18... Qb6 19. Ng4 Bg5 20. f4 Be7
21. Bb1 Bd7 (21... Qxb2 $6 22. Qg3 (22. d5 Qa3 23. Rc3 Qd6 24. Qg3 exd5) 22...
f5 (22... Kh8 23. Qh3 Kg8 24. Nxh6+ gxh6 25. Qxh6 f5 26. Qg6+ Kh8 27. Rc7 Qb4 (
27... Qa3 28. Rd3 $18) 28. a3 $1 Qxa3 (28... Qd6 29. Rd3 $18) 29. Rd3 $18) 23.
Nxh6+ Kh7 (23... Kh8 24. Qh3 $18 {/\Nxf5}) 24. Ng4 Bd6 (24... Bd7 25. Rc7 {
/\Ne5}) (24... Rd8 25. Ne5 $40) 25. Ne5 Bxe5 26. dxe5 $16 {<->c,d, ץc8}) 22.
Qg3 f5 $8 (22... Kh8 $2 23. Qh3 (23. Qd3 {Ftacnik} f5 24. Ne5 Be8 $13) 23... f5
24. Nxh6 gxh6 25. Qxh6+ Kg8 26. Qg6+ Kh8 27. Rc3 $18) 23. Nxh6+ Kh7 $8 (23...
Kh8 24. Qh3 $18) 24. Ng4 Rfd8 25. Ne5 Be8 $132 {(><b2,d4)} 26. Qe3 $6 (26. Qf2
$5 {(><b2)} g6 $1 (26... Bf6 27. d5 Qxf2+ 28. Kxf2 exd5 29. Bxf5+ $16) (26...
Rd5 27. a3 $1 (27. Nc4 Qa7 28. Rd2 Rad8 (28... Rxd4 $2 29. Rxd4 Bc5 30. Rcd1
Rd8 31. Qh4+ $18) 29. Rcd1 Bf6 (29... Rxd4 30. Rxd4 Rxd4 31. Rxd4 Bc5 32. Qh4+
Kg8 (32... Kg6 33. Ne5#) 33. Qd8 Bxd4+ 34. Kh1 Kf8 35. Nd6 $18) 30. Ne5 Bh5)
27... Rad8 28. Ba2 Rxd4 29. Rxd4 Qxd4 30. Qxd4 Rxd4 31. g3 (31. Bxe6 Rxf4 32.
g3 Rd4 33. Bxf5+ Kh6 $14 {^^, ><b2}) 31... Bd8 (31... Rd6 32. Rc7) 32. Bxe6 Bb6
33. Kg2 Rd2+ 34. Kh3 Rxb2 35. Bxf5+ g6 36. Be6 $16 {/\Nc4, /\Rc7->}) 27. a3
Rac8 28. Rxc8 (28. Ba2 $2 Rxd4 $1) 28... Rxc8 29. Ba2 $14) 26... Bf6 (26...
Qxb2 27. Nc4 Qb5 28. Qxe6) 27. g4 $6 {(עg1)} (27. Rd2 $14 {Ftacnik}) 27... g6
28. gxf5 (28. g5 {Ftacnik} Bxe5 29. Qxe5 Rac8 (29... Bc6 $2 30. Rc3 $18) 30.
Rc3 Rxc3 31. bxc3 Rc8 32. Qe3 $14) 28... exf5 29. Qc3 $6 (29. Qf2) 29... Rac8
30. Qh3+ (30. Qxc8 {Ftacnik} Rxc8 31. Rxc8 Bc6 $132) 30... Kg7 31. Rxc8 Rxc8
32. Qg2 Rd8 33. Qf2 Be7 34. h4 $2 (34. a3 $5 {(/\Ba2)} Qb3 35. Rd3 Qd5 $44 36.
Qg2 Qxg2+ 37. Kxg2 Bc6+ 38. Nxc6 bxc6 {/\Bf6, ><d4, b2}) (34. Nc4 {Ftacnik} Qc7
$13) 34... Qf6 $17 (34... Rxd4 35. Rxd4 Bc5 36. Nf3 Bc6 37. Kf1 Kh6) 35. Rc1 (
35. Nf3 Bc6 36. Ng5 $6 Bc5 $1 37. Rd2 Rxd4 38. Rxd4 Kh6 $1 (38... Bxd4 39. Ne6+
Qxe6 40. Qxd4+ Kh7 $15) 39. Nf3 (39. Ne6 Qxe6) 39... Bxf3 40. Qxf3 Qxd4+ 41.
Kg2 Qxb2+ $19) (35. Qg2 {Ftacnik} Bc5 36. Qf2 (36. Qxb7+ Kh8 37. Nf3 Bc6 38.
Qa6 Rxd4 $1 39. Nxd4 Bxd4+ 40. Kf1 Bg2+ $19)) 35... Qxh4 36. Rc7 Kf8 37. Qe3 $6
Bd6 38. Rxb7 Bxe5 39. Qxe5 (39. fxe5 Rxd4 $19) 39... Qg3+ 40. Kf1 Qf3+ 41. Ke1
Qxb7 42. Qf6+ Bf7 43. Qxd8+ Kg7 $19 {(/\Qh1xb1)} 44. d5 $6 (44. Kd2 Qxb2+ 45.
Bc2 Qxa2 46. Qe7 a3 47. Qe5+ Kh7) (44. Bc2 {Ftacnik} Qxb2 $17) 44... Qb4+ 45.
Kd1 Qd4+ 46. Kc2 Qe4+ 47. Kc3 {?!?} (47. Kc1 Qxf4+ 48. Kd1 Qd4+ 49. Kc1 Bxd5
$19) 47... Qxb1 48. d6 Qe1+ 49. Kd4 Qb4+ 50. Ke3 (50. Ke5 $2 {Ftacnik} Qxb2#)
50... Qe4+ 51. Kd2 Qxf4+ 52. Kc2 Qe4+ 53. Kd2 Qd4+ 54. Kc1 f4 (54... f4 55. d7
f3 56. Qe7 f2 57. d8=Q f1=Q+ 58. Kc2 Qfd3+ 59. Kc1 Qd1#) 0-1

[Event "Minneapolis HB Global op"]
[Site "Minneapolis"]
[Date "2005.05.19"]
[Round "3"]
[White "Adianto, Utut"]
[Black "Quan, Zhe"]
[Result "1-0"]
[WhiteElo "2588"]
[BlackElo "2397"]
[Annotator "Mikhalevski,V"]
[PlyCount "89"]
[EventDate "2005.05.18"]
[EventType "swiss"]
[EventRounds "9"]
[EventCountry "USA"]
[SourceTitle "CBM 107"]
[Source "ChessBase"]
[SourceDate "2005.08.01"]
[SourceVersion "1"]
[SourceVersionDate "2005.08.01"]
[SourceQuality "1"]

1. d4 Nf6 2. c4 c5 3. e3 cxd4 4. exd4 d5 5. Nc3 e6 6. Nf3 Be7 7. cxd5 Nxd5 8.
Bd3 Nc6 9. O-O O-O 10. Qe2 {White has been prepared to lift off the queen to
the kingside via e4.} ({The alternative} 10. Re1 {was covered earlier. See for
example Solak,D-Kacheishvili,G, Calvia ol 2004/CBM 104[Mikhalevski,V].}) 10...
Bf6 {A very rare continuation, though the idea is typical for these positions.
Black creates pressure on the d4-pawn and also prepares retreat of the bishop
to g7 after preliminary g6.} ({In most of the games Black proceeded with} 10...
Ndb4 $5 {[%csl Rd4][%cal Gc6d4,Gb4d3] attacking both the light-squared bishop
and the d4-pawn.} 11. Be4 Nxd4 12. Nxd4 Qxd4 13. Rd1 Qf6 14. Be3 e5 (14... Nc6
$5) 15. Rac1 Be6 (15... Qa6 16. Qxa6 Nxa6 17. Nb5 $44) (15... Nc6 16. Nd5 $16)
16. Bxb7 Rab8 17. Nd5 Nxd5 18. Bxd5 Bxd5 (18... Rfd8 19. Rc6 $1) 19. Rxd5 $14 {
Szabo,L-Portish,L/EXT2000[Szabo,L]}) 11. Qe4 g6 12. Bh6 Bg7 {This move is
already new. Black doesn't want to move the rook from f8, moreover he's ready
to trade the dark-squared bishops. I would say that this is not a very
fortunate idea since the bishop was covering weak dark squares in the Black's
camp.} ({In a few earlier games Black continued} 12... Re8 {One of the games
continued like this:} 13. Rad1 Bd7 14. Ne5 Nxe5 15. dxe5 Bc6 $1 16. Ne2 Bg5 $6
(16... Ne7 $1 $11) 17. Bxg5 Qxg5 18. h4 Qh6 19. Qg4 Red8 {1-0 Adianto,
U-Villamayor,B/Doha 2003/CBM 094/[Tsesarsky] (35). (34)} 20. Bc4 $14 {
Tsesarsky.}) 13. Bxg7 Kxg7 14. Rad1 ({The Straightforward} 14. Bc4 {with the
idea to unblock the d-pawn deserved attention.}) 14... Qd6 15. Rfe1 {White
centralizes his pieces.} Bd7 16. Qh4 {[%cal Gf3g5,Gg5e4,Ge4c5] White has been
preparing a manoeuvre of the f3-knight via g5 and e4 to c5.} Nxc3 $2 {This
exchange is wrong. There was no need to strengthen White's centre.} ({Black
could try to create counterplay on the queenside by means of} 16... Ncb4 $5 17.
Be4 Rac8 18. a3 Nxc3 19. bxc3 Nd5 {[%csl Rc3]}) 17. bxc3 $16 {[%csl Rf6,Rh6]
Now White shouldn't worry about the d4-pawn anymore and may concentrate on
attack.} Rad8 $6 {Black ignores White's idea and allows to transfer the knight
to e4.} (17... Qe7 $5 {disturbing on the kingside and at the same time trying
to cover the dark squares there.}) 18. Ng5 h6 19. Ne4 Qe7 20. Qg3 $1 {
Certainly White keeps the queens.} Be8 21. Bc2 b6 22. h4 {White starts an
offensive.} f5 {Black doesn't stay the pressure. The move in the game weakens
the e5-square dramatically and if Black doesn't prove something at once he
will have a chronic weakness there.} ({There was a chance to counterattack in
the centre with} 22... e5 $5 {though White is still better after} 23. Nd2 f5
24. dxe5 f4 25. Qg4 Nxe5 $140 $2 (25... Rd5 $5 $16) 26. Qe2 $1 Rd5 27. Nc4 $1 {
[%csl Re5]} Rxd1 28. Bxd1 $18) 23. Nd2 Qf6 (23... e5 24. dxe5 {transposes to
22...e5.}) 24. Nf3 {[%csl Re5]} Rf7 {Black allows to block the position and
thus to underline all Black's weaknesses.} 25. Qf4 $1 Rfd7 26. Re3 {[%csl Re6]
[%cal Gd1e1] Now White is concentrating on the weak e6-pawn and the e5-square.}
Rd6 ({I think Black had to trade something to reduce the pressure. So although
after} 26... Ne7 {[%cal Ge7d5]} 27. Bb3 Nd5 28. Bxd5 Rxd5 29. Rde1 R5d6 {
White has a clear edge. I believe Black had to try this idea.}) 27. Rde1 {
White starts a decisive stage of attack on e6 and g6.} Bf7 28. Ne5 $1 Bg8 (
28... Ne7 {[%cal Ge7d5]} 29. Bb3 $16) 29. Rg3 Ne7 30. Bb3 {White is extremely
active, whilst all black pieces are on defensive.} Kh7 31. Ree3 {Black is
almost in zugzwang.} b5 32. a3 $6 {Provoking the black rook to attack the
a-pawn, which will weaken the e6-square.} (32. Re2 $5 a5 33. a3) 32... Ra6 33.
Nf3 Bf7 $1 ({Immediate} 33... Rxa3 {loses on the spot.} 34. Ng5+ $1 hxg5 35.
hxg5 Qf7 (35... Qf8 36. Qe5 $1 {[%cal Gg3h3]}) 36. Qh4+ Kg7 37. Qh6#) 34. Re5
Rxa3 $2 {Black returns a favour.} (34... Nd5 $1 {was a much tougher defense.
In this case it wouldn't be easy for White to prove his superiority}) 35. Rxb5
Be8 36. Rb7 Bc6 37. Ng5+ $1 $18 {A rather simple, but a nice tactical blow,
which ends the game.} Kg8 (37... hxg5 {loses even faster.} 38. hxg5 Qf7 (38...
Qg7 39. Bxe6 $1 $18 {[%cal Gg3h3]}) 39. Rh3+ Kg8 40. Qe5 $1 $18 {[%csl Rf7,Rg8]
[%cal Gh3h8,Gb3e6]}) 38. Bxe6+ Kg7 39. Rxe7+ (39. Nf7 $1 {This is even more
precise than the game.} Qxe6 (39... Rh8 40. Rxe7 $1 Qxe7 41. Rxg6+ $1 Kxg6 42.
Nxh8+ Kh7 43. Qxf5+ Kxh8 44. Qe5+ Qg7 (44... Kh7 45. Bf5+ Kg8 46. Qxe7 $18) 45.
Qb8+ Kh7 46. Bf5+ Qg6 47. Qc7+ $18) 40. Rxe7 $1 Qxe7 41. Qxh6+ Kxf7 42. Qxg6+
Kf8 43. Qg8#) 39... Qxe7 40. Nf7 $1 Qxe6 41. Nxd8 Qd5 42. Qc7+ Bd7 43. Re3 $1
$18 {[%csl Rd7,Rg7][%cal Ge3e7,Ge3e5] Black is hopeless.} Ra1+ 44. Kh2 Kf6 45.
Re5 {[%csl Rd7]} 1-0